Представление документа в формате MARC21

Поле Инд. ПП Название Значение
Тип записи a
Библиографический уровень b
001 Контрольный номер RU/IS/BASE/260027007
005 Дата корректировки 20200731171539.0
008 Кодируемые данные 20080328
040 b Код языка каталог. rus
e Правила каталог. PSBO
041 0_ a Код языка текста rus
084 a Индекс другой классификации/Индекс ББК 88.72-8; 88.94в
100 1_ a Автор Сазонова П. В.
q Полное имя Сазонова Полина Викторовна
245 10 a Заглавие Специализированная психологическая помощь подросткам с ретардацией физического развития
504 a Библиография Библиогр.: 7 назв.
520 0_ a Аннотация Описано экспериментально-психологическое исследование, проведенное среди подростков 15-16 лет. Все обследуемые были дифференцированы на четыре личностных психотипа; программы психологического сопровождения подростков-ретардантов выстраивались в зависимости от акцентуации их характера.
650 04 a Основная рубрика практическая психология (прикладная психология); клиническая психология (медицинская психология); специальная психология
a Основная рубрика психотерапия
a Основная рубрика психология
653 0_ a Ключевые слова дети
a Ключевые слова детская психология
a Ключевые слова задержка психического развития (ЗПР)
a Ключевые слова подростки
a Ключевые слова ретардация физического развития
a Ключевые слова специальная психологическая помощь
773 08 t Заглавие источника Высшее образование сегодня
d Дата издания источника 2007
g Прочая информация № 6. - С. 66 - 69 : рис.
w Контрольный № источника RU/IS/BASE/247755150
901 t Тип документа b